[Event "GER-ch Seniors 65 31st"]
[Site "Radebeul"]
[Date "2019.05.04"]
[Round "9"]
[White "Partenheimer, Axel"]
[Black "Selig, Rainer"]
[Result "1/2-1/2"]
[WhiteElo "2182"]
[BlackElo "2048"]
[PlyCount "43"]
[EventDate "2019.04.26"]
[EventType "swiss"]
[EventRounds "9"]
[EventCountry "GER"]
[SourceTitle "CBM 190 Extra"]
[Source "ChessBase"]
[SourceDate "2019.07.15"]
[SourceVersion "1"]
[SourceVersionDate "2019.07.15"]
[SourceQuality "1"]

1. Nf3 c5 2. c4 Nc6 3. Nc3 e5 4. e3 d6 5. Be2 Bg4 6. 0-0 Nge7 7. h3 Bd7 8. b3 g6 9. Bb2 Bg7 10. d3 0-0 11. Qd2 Nf5 12. Rfe1 Re8 13. Bf1 Be6 14. Ne2 Nh4 15. Nxh4 Qxh4 16. Nc3 f5 17. Nb5 Qe7 18. d4 Bf7 19. dxc5 dxc5 20. Rad1 Red8 21. Qc1 Rac8 22. Nc3 1/2-1/2

[Event "GER-ch Seniors 65 31st"]
[Site "Radebeul"]
[Date "2019.05.03"]
[Round "8"]
[White "Zschunke, Werner"]
[Black "Partenheimer, Axel"]
[Result "0-1"]
[WhiteElo "2002"]
[BlackElo "2182"]
[PlyCount "62"]
[EventDate "2019.04.26"]
[EventType "swiss"]
[EventRounds "9"]
[EventCountry "GER"]
[SourceTitle "CBM 190 Extra"]
[Source "ChessBase"]
[SourceDate "2019.07.15"]
[SourceVersion "1"]
[SourceVersionDate "2019.07.15"]
[SourceQuality "1"]

1. c4 c6 2. Nf3 d5 3. b3 Bf5 4. Bb2 e6 5. g3 Nf6 6. Bg2 h6 7. 0-0 Be7 8. d3 0-0 9. Nbd2 Bh7 10. Ne5 Nbd7 11. e4 Nxe5 12. Bxe5 dxe4 13. dxe4 Qa5 14. Bf4 Rfd8 15. Qe2 e5 16. Be3 Bc5 17. Bxc5 Qxc5 18. Rad1 Rd4 19. Nb1 Rad8 20. Nc3 Bg6 21. Kh1 Qa5 22. Rxd4 Rxd4 23. Qe1 Qd8 24. f3 Ne8 25. Qc1 Nc7 26. Rd1 Ne6 27. Rxd4 Qxd4 28. Qe1 Qd3 29. Ne2 Qc2 30. Nc1 Nd4 31. Kg1 Qxc1 0-1

[Event "GER-ch Seniors 65"]
[Site "Hamburg"]
[Date "2018.07.28"]
[Round "8"]
[White "Partenheimer, Axel"]
[Black "Vasiljev, Jurij"]
[Result "1-0"]
[WhiteElo "2161"]
[BlackElo "2097"]
[PlyCount "81"]
[EventDate "2018.07.21"]
[EventType "swiss"]
[EventRounds "9"]
[EventCountry "GER"]
[SourceTitle "CBM 186 Extra"]
[Source "ChessBase"]
[SourceDate "2018.08.24"]
[SourceVersion "1"]
[SourceVersionDate "2018.08.24"]
[SourceQuality "1"]

1. c4 c6 2. Nf3 d5 3. e3 Nf6 4. Nc3 e6 5. Qc2 Nbd7 6. b3 Be7 7. Bb2 0-0 8. Be2 e5 9. cxd5 cxd5 10. d4 e4 11. Nd2 a6 12. 0-0 b5 13. f3 exf3 14. Bxf3 Nb6 15. e4 b4 16. Nxd5 Nbxd5 17. exd5 Nxd5 18. Nc4 Be6 19. Rae1 Rc8 20. Be4 g6 21. Bxg6 fxg6 22. Rxf8+ Qxf8 23. Rxe6 Qf7 24. Re1 Rf8 25. Ne5 Qf4 26. Nf3 Rf5 27. Qc8+ Kg7 28. Qe6 Qc7 29. Qe2 Bd6 30. Rc1 Qa5 31. Ba1 Bf4 32. Rc5 Qd8 33. g3 Be3+ 34. Kg2 Bh6 35. Qe4 Ne3+ 36. Kg1 Nd5 37. g4 Be3+ 38. Kh1 Rf4 39. Qe5+ Kh6 40. Rxd5 Qf8 41. Qxe3 1-0

[Event "GER-ch Seniors 65"]
[Site "Hamburg"]
[Date "2018.07.26"]
[Round "6"]
[White "Partenheimer, Axel"]
[Black "Blab, Ludwig"]
[Result "1/2-1/2"]
[WhiteElo "2161"]
[BlackElo "2041"]
[PlyCount "54"]
[EventDate "2018.07.21"]
[EventType "swiss"]
[EventRounds "9"]
[EventCountry "GER"]
[SourceTitle "CBM 186 Extra"]
[Source "ChessBase"]
[SourceDate "2018.08.24"]
[SourceVersion "1"]
[SourceVersionDate "2018.08.24"]
[SourceQuality "1"]

1. c4 e6 2. Nf3 Nf6 3. g3 d5 4. Bg2 Nbd7 5. 0-0 c6 6. b3 b6 7. Bb2 Bb7 8. e3 g6 9. Nc3 Bg7 10. Qe2 0-0 11. d3 Re8 12. Rac1 Rc8 13. Rfd1 e5 14. cxd5 Nxd5 15. a3 Qe7 16. Qc2 Nxc3 17. Bxc3 c5 18. Qb2 Qf6 19. Qe2 Qe7 20. Nd2 Ba6 21. Nc4 Rc7 22. Qc2 Qe6 23. Bb2 Rec8 24. Nd2 h6 25. Bf1 Bb7 26. Bg2 Ba6 27. Bf1 Bb7 1/2-1/2

[Event "GER-ch Seniors 65+ 30th"]
[Site "Hamburg"]
[Date "2018.07.23"]
[Round "3"]
[White "Zschunke, Werner"]
[Black "Partenheimer, Axel"]
[Result "0-1"]
[WhiteElo "2009"]
[BlackElo "2161"]
[PlyCount "84"]
[EventDate "2018.07.21"]
[EventType "swiss"]
[EventRounds "9"]
[EventCountry "GER"]
[SourceTitle "EXT 2020"]
[Source "ChessBase"]
[SourceDate "2019.10.17"]
[SourceVersion "1"]
[SourceVersionDate "2019.10.17"]
[SourceQuality "1"]

1. c4 e6 2. Nf3 Nf6 3. g3 d5 4. Bg2 Be7 5. 0-0 0-0 6. b3 b6 7. cxd5 Nxd5 8. Bb2 Bb7 9. Nc3 c5 10. Nxd5 Qxd5 11. Nh4 Qd7 12. Bxb7 Qxb7 13. Nf3 Nc6 14. d3 Rfd8 15. Qc1 Qc7 16. d4 Rac8 17. dxc5 Bxc5 18. Qc3 f6 19. Rfd1 e5 20. e3 Qf7 21. Rxd8+ Rxd8 22. Rc1 Nb4 23. Qc4 Qxc4 24. Rxc4 Nxa2 25. Ra4 Nb4 26. Rxa7 Rd1+ 27. Kg2 Rb1 28. Ba3 Ra1 29. Ra4 Nd3 30. Bxc5 Rxa4 31. bxa4 Nxc5 32. Kf1 Nxa4 33. Ke2 Nc5 34. Nd2 b5 35. e4 Kf7 36. Ke3 Ke6 37. h4 Kd6 38. h5 Ne6 39. Kd3 Kc5 40. Kc3 b4+ 41. Kd3 Kb5 42. Nc4 Nc5+ 0-1

[Event "GER MS-278 email"]
[Site "GER email"]
[Date "2018.02.10"]
[Round "?"]
[White "Partenheimer, Axel"]
[Black "Friedrich, Gerhard"]
[Result "1/2-1/2"]
[WhiteElo "1981"]
[BlackElo "1975"]
[PlyCount "76"]
[EventDate "2018.02.19"]
[EventType "tourn (corr)"]
[EventRounds "6"]
[EventCountry "GER"]
[SourceTitle "Corr 2020"]
[Source "ChessBase"]
[SourceDate "2019.09.30"]
[SourceVersion "1"]
[SourceVersionDate "2019.09.30"]
[SourceQuality "1"]

1. d4 d5 2. c4 e6 3. Nc3 c6 4. Nf3 Nf6 5. e3 Nbd7 6. Qc2 Bd6 7. Bd3 0-0 8. 0-0 dxc4 9. Bxc4 b5 10. Be2 a6 11. Ng5 Qc7 12. e4 Bxh2+ 13. Kh1 c5 14. e5 cxd4 15. exf6 Nxf6 16. f4 Bg3 17. Qd3 dxc3 18. Qxg3 h6 19. Nh3 Bb7 20. Qxc3 Qxc3 21. bxc3 Ne4 22. Kh2 Nxc3 23. Bd3 Be4 24. Bxe4 Nxe4 25. Nf2 Nd6 26. Rd1 Nc4 27. Rb1 Rab8 28. Kg3 Rfd8 29. Rxd8+ Rxd8 30. a4 bxa4 31. Rb4 Rc8 32. Rxa4 Nd6 33. Be3 Rc4 34. Rxa6 Nf5+ 35. Kf3 Nh4+ 36. Kg3 Nf5+ 37. Kf3 Nh4+ 38. Kg3 Nf5+ 1/2-1/2

[Event "GER MS-278 email"]
[Site "GER email"]
[Date "2018.02.10"]
[Round "?"]
[White "Partenheimer, Axel"]
[Black "Gronemann, Joern"]
[Result "1-0"]
[WhiteElo "1981"]
[BlackElo "1974"]
[PlyCount "81"]
[EventDate "2018.02.19"]
[EventType "tourn (corr)"]
[EventRounds "6"]
[EventCountry "GER"]
[SourceTitle "Corr 2020"]
[Source "ChessBase"]
[SourceDate "2019.09.30"]
[SourceVersion "1"]
[SourceVersionDate "2019.09.30"]
[SourceQuality "1"]

1. d4 Nf6 2. c4 g6 3. g3 Bg7 4. Bg2 0-0 5. Nc3 d6 6. Nf3 Nbd7 7. 0-0 e5 8. e4 c6 9. h3 Qb6 10. Re1 exd4 11. Nxd4 Re8 12. Nc2 Qc7 13. b3 Nh5 14. Qd2 Nc5 15. Bb2 Be6 16. Rad1 Rad8 17. Ne3 a6 18. b4 Nd7 19. Ne2 Bxb2 20. Qxb2 Nhf6 21. Nd4 Rc8 22. Re2 b5 23. cxb5 axb5 24. Rc2 Qb6 25. Nxe6 Rxe6 26. Nd5 Qb7 27. Nf4 Re7 28. Rxd6 Nxe4 29. Ne6 Rxe6 30. Rxe6 fxe6 31. Bxe4 Nb6 32. Qc1 Nd5 33. a3 Qc7 34. Bd3 Qb6 35. Rc5 Rf8 36. Be4 Qa7 37. h4 Qf7 38. Qb2 Qc7 39. Bg2 Kf7 40. Qc1 Qe5 41. Rxc6 1-0

[Event "GER MS-278 email"]
[Site "GER email"]
[Date "2018.02.10"]
[Round "?"]
[White "Partenheimer, Axel"]
[Black "Markus, Roland"]
[Result "1/2-1/2"]
[WhiteElo "1981"]
[BlackElo "2040"]
[PlyCount "88"]
[EventDate "2018.02.19"]
[EventType "tourn (corr)"]
[EventRounds "6"]
[EventCountry "GER"]
[SourceTitle "Corr 2020"]
[Source "ChessBase"]
[SourceDate "2019.09.30"]
[SourceVersion "1"]
[SourceVersionDate "2019.09.30"]
[SourceQuality "1"]

1. d4 Nf6 2. c4 e6 3. Nf3 b6 4. g3 Ba6 5. b3 Bb4+ 6. Bd2 Be7 7. Bg2 c6 8. Bc3 d5 9. Ne5 Nfd7 10. Nxd7 Nxd7 11. Nd2 0-0 12. 0-0 b5 13. c5 e5 14. dxe5 Nxc5 15. a3 Bc8 16. b4 Na4 17. Rc1 a5 18. Nb3 Nxc3 19. Rxc3 axb4 20. axb4 Bd7 21. Qd4 Ra2 22. e3 Re8 23. Rd1 g6 24. h4 Qb8 25. e4 Bg4 26. Rdc1 dxe4 27. Qxe4 Bf5 28. Qf4 Bf8 29. Re3 Qa7 30. Rxc6 Rd8 31. Nc5 Rc2 32. e6 fxe6 33. Nxe6 Rd1+ 34. Kh2 Rxc6 35. Bxc6 Rd6 36. Nxf8 Rxc6 37. Qf3 Rf6 38. Qd5+ Kg7 39. Qd8 Qa2 40. Re7+ Rf7 41. Qd4+ Kxf8 42. Qd8+ Kg7 43. Qd4+ Kh6 44. Qf4+ Kg7 1/2-1/2

[Event "GER-chA Seniors 29th"]
[Site "Berlin"]
[Date "2017.08.16"]
[Round "9"]
[White "Partenheimer, Axel"]
[Black "Wagner Michel, Annett"]
[Result "1/2-1/2"]
[WhiteElo "2193"]
[BlackElo "2104"]
[PlyCount "58"]
[EventDate "2017.08.07"]
[EventType "swiss"]
[EventRounds "9"]
[EventCountry "GER"]
[SourceTitle "EXT 2019"]
[Source "ChessBase"]
[SourceDate "2018.10.10"]
[SourceVersion "1"]
[SourceVersionDate "2018.10.10"]
[SourceQuality "1"]

1. Nf3 Nf6 2. c4 e6 3. g3 d5 4. Bg2 c6 5. 0-0 Bd6 6. d4 b6 7. Qc2 0-0 8. Nbd2 Bb7 9. e4 dxe4 10. Nxe4 Nxe4 11. Qxe4 Nd7 12. Qc2 h6 13. b3 Qc7 14. Bb2 Rfd8 15. Rad1 Bf8 16. Rfe1 Rac8 17. Nd2 Nf6 18. Ne4 Nxe4 19. Qxe4 Rd7 20. Rd3 Rcd8 21. Red1 a5 22. Bc1 Qb8 23. Qe2 c5 24. dxc5 Rxd3 25. Rxd3 Bxg2 26. Rxd8 Qxd8 27. Kxg2 Bxc5 28. Be3 Qd6 29. Qf3 Bxe3 1/2-1/2

[Event "GER-chA Seniors 29th"]
[Site "Berlin"]
[Date "2017.08.12"]
[Round "5"]
[White "Waagener, Ulrich"]
[Black "Partenheimer, Axel"]
[Result "1/2-1/2"]
[WhiteElo "2106"]
[BlackElo "2193"]
[PlyCount "26"]
[EventDate "2017.08.07"]
[EventType "swiss"]
[EventRounds "9"]
[EventCountry "GER"]
[SourceTitle "EXT 2019"]
[Source "ChessBase"]
[SourceDate "2018.10.10"]
[SourceVersion "1"]
[SourceVersionDate "2018.10.10"]
[SourceQuality "1"]

1. e4 c5 2. Nf3 e6 3. d4 cxd4 4. Nxd4 Nc6 5. Nc3 Qc7 6. g3 a6 7. Nxc6 dxc6 8. Be3 Nf6 9. f4 Be7 10. Bg2 b5 11. 0-0 Bb7 12. Qe2 0-0 13. h3 b4 1/2-1/2

[Event "Bayern-chI Bank Hofmann 20th"]
[Site "Bad Wiessee"]
[Date "2016.11.06"]
[Round "9"]
[White "Partenheimer, Axel"]
[Black "Zude, Arno"]
[Result "1/2-1/2"]
[WhiteElo "2194"]
[BlackElo "2390"]
[PlyCount "47"]
[EventDate "2016.10.29"]
[EventType "swiss"]
[EventRounds "9"]
[EventCountry "GER"]
[SourceTitle "CBM 175 Extra"]
[Source "ChessBase"]
[SourceDate "2016.12.12"]
[SourceVersion "1"]
[SourceVersionDate "2016.12.12"]
[SourceQuality "1"]

1. Nf3 Nf6 2. c4 e6 3. Nc3 d5 4. d4 Be7 5. Bf4 0-0 6. e3 c5 7. dxc5 Bxc5 8. cxd5 Nxd5 9. Nxd5 exd5 10. a3 Nc6 11. Bd3 Be7 12. Qc2 Qa5+ 13. Ke2 h6 14. b4 Qb6 15. b5 Nd8 16. Bc7 Qc5 17. Qxc5 Bxc5 18. Rhc1 Ne6 19. Be5 Bd7 20. Bb2 Rfc8 21. Nd4 Bxd4 22. Bxd4 b6 23. a4 Nxd4+ 24. exd4 1/2-1/2

[Event "Bayern-chI Bank Hofmann 20th"]
[Site "Bad Wiessee"]
[Date "2016.11.02"]
[Round "5"]
[White "Partenheimer, Axel"]
[Black "Kastek, Thomas"]
[Result "1-0"]
[WhiteElo "2194"]
[BlackElo "2037"]
[PlyCount "67"]
[EventDate "2016.10.29"]
[EventType "swiss"]
[EventRounds "9"]
[EventCountry "GER"]
[SourceTitle "CBM 175 Extra"]
[Source "ChessBase"]
[SourceDate "2016.12.12"]
[SourceVersion "1"]
[SourceVersionDate "2016.12.12"]
[SourceQuality "1"]

1. c4 c5 2. Nf3 g6 3. e4 Bg7 4. d4 cxd4 5. Nxd4 Nc6 6. Be3 Nf6 7. Nc3 d6 8. Be2 a6 9. 0-0 0-0 10. Qd2 Bd7 11. f3 Re8 12. Rfd1 Rb8 13. Rac1 Qa5 14. Nb3 Qh5 15. Nd5 Be6 16. Nd4 Nxd4 17. Bxd4 Nd7 18. Be3 Qe5 19. b3 Rbc8 20. f4 Qb2 21. Rc2 Qa3 22. Rdc1 Kf8 23. Bf3 Nc5 24. Bd4 Nd7 25. Be3 Nc5 26. Qe2 Nd7 27. g3 Red8 28. Kg2 Re8 29. h4 Nf6 30. Nxf6 Bxf6 31. h5 Bd7 32. hxg6 hxg6 33. Rh1 Kg7 34. e5 1-0

[Event "Bayern-chI Bank Hofmann 19th"]
[Site "Bad Wiessee"]
[Date "2015.11.05"]
[Round "6"]
[White "Womacka, Mathias"]
[Black "Partenheimer, Axel"]
[Result "1/2-1/2"]
[WhiteElo "2441"]
[BlackElo "2151"]
[PlyCount "46"]
[EventDate "2015.10.31"]
[EventType "swiss"]
[EventRounds "9"]
[EventCountry "GER"]
[SourceTitle "CBM 169 Extra"]
[Source "ChessBase"]
[SourceDate "2015.12.18"]
[SourceVersion "1"]
[SourceVersionDate "2015.12.18"]
[SourceQuality "1"]

1. e4 c5 2. Nf3 e6 3. d4 cxd4 4. Nxd4 Nc6 5. Nc3 Qc7 6. Be2 a6 7. 0-0 Nf6 8. Be3 Be7 9. f4 d6 10. Qe1 0-0 11. Qg3 Nxd4 12. Bxd4 b5 13. a3 Bb7 14. Kh1 Rad8 15. Rae1 Rd7 16. Bd3 Re8 17. a4 b4 18. Na2 Qa5 19. Nc1 Qxa4 20. Nb3 Rdd8 21. Qh3 g6 22. Re3 Qd7 23. Qh4 Nh5 1/2-1/2

[Event "Bayern-chI Bank Hofmann 19th"]
[Site "Bad Wiessee"]
[Date "2015.11.02"]
[Round "3"]
[White "Partenheimer, Axel"]
[Black "Kveinys, Aloyzas"]
[Result "0-1"]
[WhiteElo "2151"]
[BlackElo "2511"]
[PlyCount "64"]
[EventDate "2015.10.31"]
[EventType "swiss"]
[EventRounds "9"]
[EventCountry "GER"]
[SourceTitle "CBM 169 Extra"]
[Source "ChessBase"]
[SourceDate "2015.12.18"]
[SourceVersion "1"]
[SourceVersionDate "2015.12.18"]
[SourceQuality "1"]

1. Nf3 Nf6 2. g3 d5 3. Bg2 c6 4. 0-0 Bg4 5. c4 e6 6. d3 Nbd7 7. cxd5 exd5 8. Nc3 Bc5 9. Qb3 Bb6 10. Na4 0-0 11. Nxb6 axb6 12. h3 Bh5 13. Qc2 Nc5 14. b3 Re8 15. Bb2 Bxf3 16. Bxf3 d4 17. a4 Ne6 18. b4 Qd6 19. Qc4 Rxa4 20. Rxa4 b5 21. Qa2 bxa4 22. Qxa4 Ng5 23. h4 Nxf3+ 24. exf3 h6 25. Qa5 Re2 26. Rb1 Rd2 27. b5 Rxd3 28. Qa8+ Kh7 29. Qxb7 cxb5 30. Qxb5 Rxf3 31. Kg2 Qe6 32. Qb7 Rb3 0-1

[Event "GER-chA Seniors 27th"]
[Site "Magdeburg"]
[Date "2015.08.16"]
[Round "2"]
[White "Partenheimer, Axel"]
[Black "Nachtkamp, Herbert"]
[Result "1/2-1/2"]
[WhiteElo "2176"]
[BlackElo "2034"]
[PlyCount "83"]
[EventDate "2015.08.15"]
[EventType "swiss"]
[EventRounds "9"]
[EventCountry "GER"]
[SourceTitle "EXT 2018"]
[Source "ChessBase"]
[SourceDate "2017.10.13"]
[SourceVersion "1"]
[SourceVersionDate "2017.10.13"]
[SourceQuality "1"]

1. Nf3 d5 2. d4 Nf6 3. c4 e6 4. Nc3 Be7 5. Bf4 0-0 6. e3 Nbd7 7. c5 Nh5 8. Bd3 Nxf4 9. exf4 b6 10. b4 a5 11. a3 c6 12. 0-0 Ba6 13. Bxa6 Rxa6 14. Qe2 Ra8 15. g3 b5 16. Rfb1 Qc7 17. Nd1 Bf6 18. Ne3 g6 19. h4 Bg7 20. Nc2 axb4 21. axb4 Qb7 22. Qe1 Rxa1 23. Rxa1 Ra8 24. Nd2 Nb8 25. Nb3 Rxa1 26. Qxa1 Qa6 27. Qxa6 Nxa6 28. Na5 Nb8 29. Kf1 Kf8 30. Ke2 Ke8 31. Kd3 Kd7 32. Nb3 Na6 33. Nd2 f6 34. Nf3 Ke7 35. Ke3 Bh8 36. Kd2 Bg7 37. Ke3 Nb8 38. Nfe1 Bh8 39. Nd3 Bg7 40. Kd2 Bh8 41. Ke3 Bg7 42. Ke2 1/2-1/2

[Event "GER-chA Seniors 26th"]
[Site "Bad Neuenahr"]
[Date "2014.08.09"]
[Round "5"]
[White "Partenheimer, Axel"]
[Black "Baum, Bernd"]
[Result "1/2-1/2"]
[WhiteElo "2133"]
[BlackElo "2304"]
[PlyCount "86"]
[EventDate "2014.08.05"]
[EventType "swiss"]
[EventRounds "9"]
[EventCountry "GER"]
[SourceTitle "EXT 2018"]
[Source "ChessBase"]
[SourceDate "2017.10.13"]
[SourceVersion "1"]
[SourceVersionDate "2017.10.13"]
[SourceQuality "1"]

1. Nf3 c5 2. c4 g6 3. e4 Nc6 4. d4 cxd4 5. Nxd4 Bg7 6. Be3 Nf6 7. Nc3 0-0 8. Be2 b6 9. Qd2 Bb7 10. Nc2 Rc8 11. f3 d6 12. Rc1 Nd7 13. 0-0 f5 14. exf5 gxf5 15. Bh6 Qe8 16. Bxg7 Kxg7 17. Nd4 Qg6 18. Nxc6 Bxc6 19. Nd5 Kf7 20. Qe3 e5 21. f4 Bxd5 22. cxd5 e4 23. Rc6 Nb8 24. Rc3 Rxc3 25. Qxc3 Qf6 26. Qxf6+ Kxf6 27. Rc1 Rf7 28. Rc8 Nd7 29. Rc6 Ke7 30. Rc7 a5 31. Bb5 Kd8 32. Rb7 Kc8 33. Bc6 Kd8 34. Kf2 Re7 35. Bxd7 Rxd7 36. Rxb6 Ke7 37. Rc6 Rb7 38. Rc2 Rb5 39. Rd2 Rc5 40. Ke3 h5 41. g3 Rc1 42. Kd4 Kd7 43. Rg2 Rd1+ 1/2-1/2

[Event "Bad Woerishofen op 30th"]
[Site "Bad Woerishofen"]
[Date "2014.03.23"]
[Round "6"]
[White "Calzetta Ruiz, Monica"]
[Black "Partenheimer, Axel"]
[Result "1-0"]
[WhiteElo "2208"]
[BlackElo "2126"]
[PlyCount "77"]
[EventDate "2014.03.21"]
[EventType "swiss"]
[EventRounds "9"]
[EventCountry "GER"]
[SourceTitle "CBM 159 Extra"]
[Source "ChessBase"]
[SourceDate "2014.04.24"]
[SourceVersion "1"]
[SourceVersionDate "2014.04.24"]
[SourceQuality "1"]

1. e4 c5 2. Nf3 e6 3. d4 cxd4 4. Nxd4 Nc6 5. Be2 Nf6 6. Nc3 Qc7 7. Be3 a6 8. f4 d6 9. 0-0 Be7 10. Qe1 0-0 11. Qg3 Nxd4 12. Bxd4 b5 13. a3 Bb7 14. Kh1 Rad8 15. Rae1 Rd7 16. Bd3 Re8 17. Rf3 Bd8 18. Nd1 e5 19. Bc3 g6 20. Qh3 Nh5 21. f5 d5 22. Nf2 Nf6 23. fxg6 fxg6 24. Ng4 Nxg4 25. Qxg4 d4 26. Bb4 Rf7 27. Rxf7 Qxf7 28. Rf1 Bf6 29. a4 Bc6 30. axb5 axb5 31. Qe2 Qe6 32. Bxb5 Bxb5 33. Qxb5 Bg7 34. h3 h5 35. Bc5 Rc8 36. b4 Bh6 37. Qb7 Rd8 38. Ra1 Bf8 39. Ra7 1-0

[Event "Bad Woerishofen op 30th"]
[Site "Bad Woerishofen"]
[Date "2014.03.23"]
[Round "9"]
[White "Partenheimer, Axel"]
[Black "Kannenberg, Karl Heinz"]
[Result "1/2-1/2"]
[WhiteElo "2126"]
[BlackElo "2205"]
[PlyCount "24"]
[EventDate "2014.03.21"]
[EventType "swiss"]
[EventRounds "9"]
[EventCountry "GER"]
[SourceTitle "CBM 159 Extra"]
[Source "ChessBase"]
[SourceDate "2014.04.24"]
[SourceVersion "1"]
[SourceVersionDate "2014.04.24"]
[SourceQuality "1"]

1. Nf3 d5 2. d4 Nf6 3. c4 c6 4. Nc3 a6 5. cxd5 cxd5 6. Bf4 Qb6 7. Na4 Qa5+ 8. Bd2 Qd8 9. Rc1 Nbd7 10. Bf4 Qa5+ 11. Bd2 Qd8 12. Bf4 Qa5+ 1/2-1/2

[Event "Bad Woerishofen op 30th"]
[Site "Bad Woerishofen"]
[Date "2014.03.23"]
[Round "5"]
[White "Partenheimer, Axel"]
[Black "Margraf, Christoph"]
[Result "1-0"]
[WhiteElo "2126"]
[BlackElo "1937"]
[PlyCount "39"]
[EventDate "2014.03.21"]
[EventType "swiss"]
[EventRounds "9"]
[EventCountry "GER"]
[SourceTitle "CBM 159 Extra"]
[Source "ChessBase"]
[SourceDate "2014.04.24"]
[SourceVersion "1"]
[SourceVersionDate "2014.04.24"]
[SourceQuality "1"]

1. Nf3 Nc6 2. d4 d5 3. Bf4 Bf5 4. e3 e6 5. Be2 Nf6 6. c3 a6 7. Nbd2 Be7 8. h3 h6 9. b4 0-0 10. 0-0 b5 11. a4 Na7 12. axb5 Nxb5 13. Qb3 c6 14. Ne5 Qb6 15. Ra5 Rfd8 16. Rfa1 Bd6 17. c4 Bxe5 18. dxe5 dxc4 19. Nxc4 Nd4 20. exd4 1-0

[Event "BL2-West 1314"]
[Site "Germany"]
[Date "2013.11.10"]
[Round "2.6"]
[White "Partenheimer, Axel"]
[Black "Reinderman, Dimitri"]
[Result "0-1"]
[WhiteElo "2136"]
[BlackElo "2585"]
[PlyCount "82"]
[EventDate "2013.10.13"]
[EventType "team-tourn"]
[EventRounds "9"]
[EventCountry "GER"]
[SourceTitle "EXT 2015"]
[Source "ChessBase"]
[SourceDate "2014.11.20"]
[SourceVersion "1"]
[SourceVersionDate "2014.11.20"]
[SourceQuality "1"]
[WhiteTeam "Duesseldorf"]
[BlackTeam "Koeln Porz"]
[WhiteTeamCountry "GER"]
[BlackTeamCountry "GER"]

1. Nf3 f5 2. g3 g6 3. Bg2 Bg7 4. d4 Nf6 5. 0-0 0-0 6. b3 d6 7. Bb2 Qe8 8. c4 e5 9. dxe5 Ng4 10. Nc3 dxe5 11. e4 Na6 12. Qe2 f4 13. Ba3 c5 14. Nd5 Nf6 15. Nd2 Bd7 16. Rac1 Kh8 17. Rfe1 g5 18. Bf3 Rd8 19. Nb1 Qf7 20. Nxf6 Qxf6 21. g4 Qe6 22. Nc3 Rf6 23. Rcd1 Bf8 24. Rd2 Nb8 25. Nd5 Rh6 26. Kg2 Nc6 27. Bb2 Rh4 28. h3 Kg7 29. Qd1 Nd4 30. Bxd4 cxd4 31. Rc2 Be7 32. Qd3 Rh8 33. Rec1 h5 34. Nxe7 Qxe7 35. Rh1 hxg4 36. hxg4 Bxg4 37. Bxg4 Rxg4+ 38. Kf3 Rgh4 39. Rxh4 Rxh4 40. Ke2 g4 41. c5 f3+ 0-1

[Event "Berlin Lichtenrade op 09th"]
[Site "Berlin"]
[Date "2013.10.03"]
[Round "6"]
[White "Partenheimer, Axel"]
[Black "Postler, Reinhard"]
[Result "1-0"]
[WhiteElo "2136"]
[BlackElo "2249"]
[PlyCount "49"]
[EventDate "2013.09.28"]
[EventType "swiss"]
[EventRounds "9"]
[EventCountry "GER"]
[SourceTitle "CBM 156 Extra"]
[Source "ChessBase"]
[SourceDate "2013.10.22"]
[SourceVersion "1"]
[SourceVersionDate "2013.10.22"]
[SourceQuality "1"]

1. Nf3 d5 2. d4 Nf6 3. c4 c6 4. Nc3 e6 5. e3 Nbd7 6. Qc2 Bd6 7. Bd3 dxc4 8. Bxc4 0-0 9. 0-0 b5 10. Be2 Bb7 11. e4 e5 12. dxe5 Nxe5 13. Nd4 Neg4 14. g3 Bxg3 15. hxg3 Qxd4 16. Qd1 Qxd1 17. Rxd1 Rfe8 18. f3 Ne5 19. Be3 h6 20. Rd6 Re6 21. Rad1 Rxd6 22. Rxd6 Ng6 23. Kf2 Kf8 24. Bc5 Ke8 25. Nxb5 1-0